000 00321nam a2200121Ia 4500
008 220217s9999||||xx |||||||||||||| ||und||
082 _a510 PEA
100 _aPearson education asia
245 0 _aCapability maturity modle
260 _aPearson education asia
_bDelhi
_c2002
300 _b295
650 _aMATHEMATICS
999 _c170712
_d170712